|
|
|
|
| LEADER |
00000cam a2200000 7i4500 |
| 001 |
0000004169 |
| 005 |
20181228.0 |
| 020 |
0 |
0 |
|a 9789402407884
|
| 090 |
0 |
0 |
|a 634.9
|b FPL 2014
|
| 245 |
0 |
0 |
|a The management of industrial forest plantations :
|b theoretical foundations and applications
|c editors Jose G.Borges...[et.al]
|
| 260 |
0 |
0 |
|a UK :
|b Springer ,
|c 2014
|
| 300 |
|
|
|a 537 p. :
|b ill. ;
|c 24 cm.
|
| 440 |
0 |
0 |
|a Managing Forest Ecosystems Volume 33
|
| 500 |
0 |
0 |
|a Includes index
|
| 650 |
0 |
0 |
|a Forest ecosytems
|
| 650 |
0 |
0 |
|a Forests and forestry
|
| 700 |
0 |
1 |
|a Balteiro, Luis Diaz
|
| 700 |
0 |
1 |
|a Mcdill, Mar E
|
| 700 |
0 |
1 |
|a Rodriguez, Luiz C.E
|
| 998 |
|
|
|a JPSM
|
| 999 |
|
|
|a 008033
|b Monograph
|c Open Shelf
|e Default branch
|